000 00700nam a2200229 i 4500
003 DO-SdBNP
005 20240517145022.0
006 a||||gr|||| 00| 0
007 ta
008 240517e1999 dr ac||| l||| 00| 0 spa d
040 _aDO-SdBNP
_bspa
_cBNPHU
_erda
082 4 _222
_aC395m
245 0 0 _aCENAPEC 1995 - 1999:
_bun cuatrienio de progreso /
_cPresidente, Carlos A. Elmúdesi
264 _aSanto Domingo :
_bCENAPEC,
_c1999
300 _a15 páginas ;
_c28 cm.
336 _2rdacontent
_atexto
_btxt
337 _2rdamedia
_asin mediación
_bn
338 _2rdacarrier
_avolumen
_bnc
590 _aInventariado 2024 / MF
700 1 _aElmúdesi, Carlos A.
_eprólogo
_985498
942 _2ddc
_cLBS1
999 _c56691
_d56691